Arkan-e Awaleen : / ارکان اولين (Record no. 27008)

MARC details
000 -LEADER
fixed length control field 00484nam a22001697a 4500
003 - CONTROL NUMBER IDENTIFIER
control field BDDh-ASL
005 - DATE AND TIME OF LATEST TRANSACTION
control field 20231015030719.0
008 - FIXED-LENGTH DATA ELEMENTS--GENERAL INFORMATION
fixed length control field 211022n xx ||||| |||| 00| 0 u d
040 ## - CATALOGING SOURCE
Original cataloging agency BDDh-ASL
Transcribing agency BDDh-ASL
082 ## - DEWEY DECIMAL CLASSIFICATION NUMBER
Classification number 297.3
Item number SAA
100 1# - MAIN ENTRY--PERSONAL NAME
9 (RLIN) 5299
Personal name Samad, Chowdhury Abdus
245 10 - TITLE STATEMENT
Title Arkan-e Awaleen : / ارکان اولين
300 ## - PHYSICAL DESCRIPTION
Extent 155 p. :
Dimensions 25 cm.
505 ## - FORMATTED CONTENTS NOTE
Formatted contents note Pages are Missing from Both Sides . Partly Worm-eaten
650 #0 - SUBJECT ADDED ENTRY--TOPICAL TERM
9 (RLIN) 1652
Topical term or geographic name entry element Islam
942 ## - ADDED ENTRY ELEMENTS (KOHA)
Source of classification or shelving scheme Dewey Decimal Classification
Koha item type Books
Holdings
Withdrawn status Lost status Source of classification or shelving scheme Damaged status Not for loan Collection code Home library Current library Shelving location Date acquired Source of acquisition Serial Enumeration / chronology Total Checkouts Full call number Barcode Date last seen Copy number Price effective from Koha item type
    Dewey Decimal Classification     Non-fiction Asiatic Society Library Asiatic Society Library General Stacks 10/22/2021 ASB Library Collection U-0491   297.3 SAA 113079 10/22/2021 C-1 10/22/2021 Books

Powered by Koha